000 00660nam a2200241Ia 4500
001 dia_4457
003 CHAP
005 20260319110011.0
008 220117s1988 xx 000 0 und d
010 _a175120
040 _cCHAP
082 _a621.902 r6y
100 _aRosaler, Robert C.
_999888
245 _aManual de Mantenimiento Industrial /
_c Robert C. Rosaler
260 _aMéxico, d. f. :
_b Mcgraw-Hill,
_c1988
300 _aP.v.
500 _aI. 144616
650 _aMaquinaria Industrial
_971219
901 _a621.902 R6Y
902 _aM
905 _a0000001988 mx 0000000000spa00
942 _cLIBRO
_2ddc
999 _c175120
_d175120